000 00704nam a2200205Ia 4500
999 _c38490
_d38490
001 4503
003 GE_BSU
005 20191016172734.0
008 181216s2012||||ge |||||||||||||| ||geo||
020 _a22333541
040 _cGE_BSU
041 _ageo
080 _a930.25(479.223)(051) ა–86
245 _bN3-4 /
_aარხეიონი = Archeion :
_cრედაქტორი თამაზ ფუტკარაძე.
264 _a ბათუმი :
_bუნივერსალი,
_c2012.
300 _a139 გვ.;
_b26 სმ.
653 _aარხეიონი
700 _aფუტკარაძე, თამაზ
_eრედაქტორი
_956
942 _cBK
_2udc